[Event "Lloyds Bank Masters 18th"]
[Site "London"]
[Date "1994.08.22"]
[Round "3"]
[White "Gurevich, Ilya"]
[Black "Ward, Christopher R"]
[Result "1-0"]
[WhiteElo "2570"]
[BlackElo "2490"]
[PlyCount "91"]
[EventDate "1994.08.20"]
[EventType "swiss"]
[EventRounds "10"]
[EventCountry "ENG"]
[SourceTitle "BritBase"]

1. e4 c5 2. Nf3 d6 3. d4 cxd4 4. Nxd4 Nf6 5. Nc3 g6 6. Be3 Bg7 7. f3 Nc6 8. Qd2
O-O 9. O-O-O Nxd4 10. Bxd4 Be6 11. Kb1 Qc7 12. g4 Rfc8 13. h4 Qa5 14. Qg5 Qxg5
15. hxg5 Nd7 16. Bxg7 Kxg7 17. Rh4 f6 18. gxf6+ Nxf6 19. g5 Nd7 20. f4 Rc5 21.
Nb5 Nf8 22. Nd4 Bd7 23. Bd3 e5 24. Nb3 Rc7 25. f5 gxf5 26. exf5 d5 27. c3 a5
28. Bc2 a4 29. Nc1 Ra5 30. Ne2 Be8 31. a3 Kg8 32. Rg1 Ra6 33. Ng3 Rg7 34. Nf1
b5 35. Ne3 Rd6 36. Ng4 e4 37. Rh2 Nd7 38. Rh6 Rb6 39. Rxb6 Nxb6 40. Nf6+ Kf7
41. Nxh7 Nd7 42. Bd1 Kg8 43. g6 Rxh7 44. gxh7+ Kxh7 45. Kc1 Nf6 46. Kd2 1-0

[Event "Lloyds Bank Masters 18th"]
[Site "London"]
[Date "1994.08.22"]
[Round "3"]
[White "Hassabis, Demis"]
[Black "Kogan, Artur"]
[Result "0-1"]
[WhiteElo "2260"]
[BlackElo "2470"]
[PlyCount "86"]
[EventDate "1994.08.20"]
[EventType "swiss"]
[EventRounds "10"]
[EventCountry "ENG"]
[SourceTitle "BritBase"]

1. d4 Nf6 2. Nf3 e6 3. g3 b6 4. Bg2 Bb7 5. O-O c5 6. c4 cxd4 7. Nxd4 Bxg2 8.
Kxg2 Qc8 9. b3 Be7 10. Bb2 Qb7+ 11. Kg1 O-O 12. Nc3 Rd8 13. Qd3 Na6 14. Rfd1
Rac8 15. Rac1 Qb8 16. Qf3 Nc5 17. Rc2 a6 18. Rcd2 h5 19. h4 Ng4 20. Nc2 b5 21.
Ne3 Nxe3 22. Qxe3 bxc4 23. bxc4 Bf6 24. Ba1 Qb4 25. Rc2 d6 26. Ne4 Nxe4 27.
Qxe4 d5 28. Qf4 Bxa1 29. Rxa1 Rxc4 30. Rxc4 Qxc4 31. Qg5 Rb8 32. Qxh5 Rb2 33.
e3 Qc2 34. Rf1 Rxa2 35. Qg5 Qc7 36. h5 Kh7 37. Kg2 Qc2 38. Qf4 f6 39. Rh1 Ra4
40. Qd6 Qe4+ 41. Kh2 Qf3 42. Qxe6 Qxf2+ 43. Kh3 Qf3 0-1

[Event "Lloyds Bank Masters 18th"]
[Site "London"]
[Date "1994.08.22"]
[Round "3"]
[White "Howell, James C"]
[Black "Martin, David"]
[Result "1-0"]
[WhiteElo "2505"]
[BlackElo "2045"]
[PlyCount "57"]
[EventDate "1994.08.20"]
[EventType "swiss"]
[EventRounds "10"]
[EventCountry "ENG"]
[SourceTitle "BritBase"]

1. e4 e6 2. d4 d5 3. Nd2 Nf6 4. e5 Nfd7 5. c3 c5 6. Bd3 Nc6 7. Ne2 Qb6 8. Nf3
cxd4 9. cxd4 f6 10. exf6 Nxf6 11. O-O Bd6 12. Nc3 O-O 13. Bg5 Bd7 14. Re1 Ng4
15. Bh4 Nh6 16. Bg3 Bxg3 17. hxg3 Rxf3 18. gxf3 Nxd4 19. Rc1 Rf8 20. f4 Nhf5
21. Bxf5 Rxf5 22. b3 Rf6 23. Kg2 Bc6 24. Na4 Qb4 25. a3 Qxb3 26. Qxd4 Bxa4 27.
Rc8+ Kf7 28. Rc7+ Kg6 29. Rxg7+ 1-0

[Event "Lloyds Bank Masters 18th"]
[Site "London"]
[Date "1994.08.22"]
[Round "3"]
[White "Jonsson, Hans"]
[Black "Savchenko, Stanislav"]
[Result "1/2-1/2"]
[WhiteElo "2390"]
[BlackElo "2570"]
[PlyCount "72"]
[EventDate "1994.08.20"]
[EventType "swiss"]
[EventRounds "10"]
[EventCountry "ENG"]
[SourceTitle "BritBase"]

1. e4 e6 2. d4 d5 3. Nc3 Nf6 4. e5 Nfd7 5. f4 c5 6. Nf3 Nc6 7. Be3 Qb6 8. Na4
Qa5+ 9. c3 c4 10. b4 Qc7 11. Be2 Be7 12. O-O f5 13. g4 fxg4 14. Ng5 Nf8 15.
Bxg4 h6 16. Nh3 b6 17. Nb2 a5 18. a3 g6 19. Bf3 Ra7 20. Kh1 Bd8 21. f5 gxf5 22.
Bh5+ Kd7 23. Qd2 Bb7 24. b5 Nb8 25. Bxh6 Kc8 26. Bxf8 Rxh5 27. Nf4 Rh8 28. Bd6
Qf7 29. Rg1 Ba8 30. Rg6 Qh7 31. Rag1 Qh4 32. Rg8 Rah7 33. Rxh8 Rxh8 34. Nxe6
Qe4+ 35. Qg2 Bh4 36. Qxe4 dxe4 1/2-1/2

[Event "Lloyds Bank Masters 18th"]
[Site "London"]
[Date "1994.08.22"]
[Round "3"]
[White "Kataev, Simcho"]
[Black "Chandler, Murray G"]
[Result "0-1"]
[WhiteElo "2385"]
[BlackElo "2545"]
[PlyCount "76"]
[EventDate "1994.08.20"]
[EventType "swiss"]
[EventRounds "10"]
[EventCountry "ENG"]
[SourceTitle "BritBase"]

1. d4 Nf6 2. Nf3 e6 3. Bf4 b6 4. e3 Bb7 5. Be2 Nh5 6. O-O Nxf4 7. exf4 g6 8. g3
Bg7 9. c3 O-O 10. Nbd2 d6 11. Re1 Nd7 12. Bf1 c5 13. dxc5 Nxc5 14. Nb3 Qc7 15.
Bg2 b5 16. Nxc5 Qxc5 17. Qd2 a5 18. Rac1 b4 19. c4 h6 20. Red1 Rfd8 21. Ne1
Bxg2 22. Nxg2 a4 23. Ne3 b3 24. a3 Rac8 25. Qe2 Rc6 26. Ng2 Rdc8 27. Ne1 Qf5
28. Ng2 Qa5 29. Ne3 d5 30. h4 dxc4 31. Rd7 c3 32. bxc3 Rxc3 33. Rcd1 Rc1 34. f5
Rxd1+ 35. Rxd1 gxf5 36. Qd3 b2 37. Nc4 Qb5 38. Nxb2 Qxb2 0-1

[Event "Lloyds Bank Masters 18th"]
[Site "London"]
[Date "1994.08.22"]
[Round "3"]
[White "Lane, Gary William"]
[Black "Hebden, Mark"]
[Result "0-1"]
[WhiteElo "2440"]
[BlackElo "2520"]
[PlyCount "64"]
[EventDate "1994.08.20"]
[EventType "swiss"]
[EventRounds "10"]
[EventCountry "ENG"]
[SourceTitle "BritBase"]

1. e4 e5 2. Nf3 Nc6 3. d4 exd4 4. Nxd4 Nf6 5. Nc3 Bc5 6. Be3 Bb6 7. g3 O-O 8.
Bg2 d6 9. h3 Re8 10. O-O Bd7 11. Re1 h6 12. g4 Ne5 13. Nf5 Bxe3 14. Rxe3 Bxf5
15. exf5 c6 16. a4 d5 17. Rg3 a5 18. b3 Nh7 19. f4 Nd7 20. Qd2 Nc5 21. Qd4 Qd6
22. h4 Nf6 23. g5 Nfe4 24. gxh6 Qxh6 25. Nxe4 Nxe4 26. Rg4 Qf6 27. Rd1 Qxd4+
28. Rxd4 Nf6 29. Rg5 Re3 30. Rd3 Rxd3 31. cxd3 Ra6 32. h5 Kf8 0-1

[Event "Lloyds Bank Masters 18th"]
[Site "London"]
[Date "1994.08.22"]
[Round "3"]
[White "Lejlic, Samir"]
[Black "Fixter, Nancy"]
[Result "1-0"]
[WhiteElo "2420"]
[BlackElo "2005"]
[PlyCount "53"]
[EventDate "1994.08.20"]
[EventType "swiss"]
[EventRounds "10"]
[EventCountry "ENG"]
[SourceTitle "BritBase"]

1. e4 c5 2. Nf3 d6 3. d4 cxd4 4. Nxd4 Nf6 5. Nc3 a6 6. Be3 Ng4 7. Bg5 h6 8. Bh4
g5 9. Bg3 Bg7 10. Qd2 Nc6 11. Nb3 Be6 12. h4 gxh4 13. Rxh4 h5 14. Be2 Bf6 15.
Rh1 b5 16. Bxg4 Bxg4 17. f3 Be6 18. O-O-O Bxb3 19. cxb3 Rc8 20. Kb1 h4 21. Nd5
Be5 22. Bxh4 Rg8 23. f4 Bg7 24. g4 a5 25. Qe2 Rb8 26. e5 Kf8 27. Nxe7 1-0

[Event "Lloyds Bank Masters 18th"]
[Site "London"]
[Date "1994.08.22"]
[Round "3"]
[White "Leroy, Adrien"]
[Black "Lodhi, Mahmood"]
[Result "0-1"]
[WhiteElo "2220"]
[BlackElo "2450"]
[PlyCount "74"]
[EventDate "1994.08.20"]
[EventType "swiss"]
[EventRounds "10"]
[EventCountry "ENG"]
[SourceTitle "BritBase"]

1. d4 Nf6 2. c4 e5 3. dxe5 Ng4 4. Bf4 Nc6 5. Nf3 Bb4+ 6. Nbd2 Qe7 7. e3 Ngxe5
8. Nxe5 Nxe5 9. Be2 O-O 10. O-O Bxd2 11. Qxd2 d6 12. Qc3 b6 13. c5 Bb7 14. Rfd1
Rfd8 15. cxd6 cxd6 16. Qa3 Qe6 17. Rd4 d5 18. Bxe5 Qxe5 19. Rad1 Bc6 20. Bf3
Rd7 21. Qc3 Rd6 22. e4 Rad8 23. exd5 g6 24. g3 Bb7 25. Bg2 Kg7 26. Qd2 h6 27.
b4 R8d7 28. a4 Rc7 29. Re1 Qf6 30. a5 Rc2 31. Qxc2 Qxd4 32. Qc7 Rf6 33. Rf1 Ba6
34. Qc1 Bxf1 35. Qxf1 Qxb4 36. axb6 Qxb6 37. h4 a5 0-1

[Event "Lloyds Bank Masters 18th"]
[Site "London"]
[Date "1994.08.22"]
[Round "3"]
[White "Lewis, Andrew P"]
[Black "Thipsay, Bagyashree Sathe"]
[Result "0-1"]
[WhiteElo "2300"]
[BlackElo "2210"]
[PlyCount "60"]
[EventDate "1994.08.20"]
[EventType "swiss"]
[EventRounds "10"]
[EventCountry "ENG"]
[SourceTitle "BritBase"]

1. e4 c6 2. d4 d5 3. e5 Bf5 4. Nc3 e6 5. g4 Bg6 6. Nge2 c5 7. h4 h6 8. Be3 Nc6
9. Nf4 Bxc2 10. Qxc2 cxd4 11. Ncxd5 dxe3 12. O-O-O exd5 13. Nxd5 Qa5 14. Bb5
O-O-O 15. Bxc6 bxc6 16. Qxc6+ Kb8 17. Rd3 Qc5+ 18. Qxc5 Bxc5 19. fxe3 Ne7 20.
e4 Rd7 21. h5 Bb6 22. Rhd1 Rc8+ 23. Kb1 Nc6 24. Nxb6 Rxd3 25. Rxd3 axb6 26. e6
f6 27. Rd6 Kb7 28. b4 Rc7 29. b5 Ne5 30. Kb2 Nc4+ 0-1

[Event "Lloyds Bank Masters 18th"]
[Site "London"]
[Date "1994.08.22"]
[Round "3"]
[White "Maduekwe, Chiedu"]
[Black "Pert, Richard G"]
[Result "1-0"]
[WhiteElo "2235"]
[BlackElo "2050"]
[PlyCount "79"]
[EventDate "1994.08.20"]
[EventType "swiss"]
[EventRounds "10"]
[EventCountry "ENG"]
[SourceTitle "BritBase"]

1. d4 d5 2. c4 e6 3. Nc3 Nf6 4. Nf3 Nbd7 5. Bf4 c6 6. e3 Be7 7. Qc2 Nh5 8. Bg3
Nxg3 9. hxg3 h6 10. O-O-O dxc4 11. Bxc4 b5 12. Bd3 Bb7 13. Kb1 a6 14. e4 Nb6
15. g4 Qc7 16. g5 O-O-O 17. gxh6 gxh6 18. Rh5 Kb8 19. Ne2 Rc8 20. Rc1 Nd7 21.
Qd2 Bf8 22. Rc2 Qd6 23. e5 Qe7 24. Ng3 c5 25. Be4 cxd4 26. Bxb7 Kxb7 27. Rxc8
Kxc8 28. Rh1 Qb4 29. Rc1+ Kb8 30. Qf4 f5 31. Nxd4 Qa4 32. b3 Qa3 33. Nc6+ Kb7
34. Nd8+ Kb6 35. Rc6+ Ka7 36. Rc7+ Kb8 37. Rxd7 Kc8 38. Rd1 h5 39. Qf3 Bc5 40.
Qb7# 1-0

[Event "Lloyds Bank Masters 18th"]
[Site "London"]
[Date "1994.08.22"]
[Round "3"]
[White "Mah, Karl"]
[Black "Rossiter, Philip J"]
[Result "1-0"]
[WhiteElo "2175"]
[BlackElo "2380"]
[PlyCount "80"]
[EventDate "1994.08.20"]
[EventType "swiss"]
[EventRounds "10"]
[EventCountry "ENG"]
[SourceTitle "BritBase"]

1. e4 e5 2. Nc3 Bc5 3. g3 d6 4. Na4 Bb4 5. a3 Ba5 6. b4 Bb6 7. Nxb6 axb6 8. Bg2
Nc6 9. Bb2 Nf6 10. Ne2 h5 11. h3 Be6 12. f4 Bc4 13. d3 Bb5 14. Nc3 Ba4 15. Nxa4
Rxa4 16. b5 Ne7 17. fxe5 dxe5 18. Bxe5 Ng6 19. Bb2 Nd7 20. O-O Ra5 21. Rf5 h4
22. Bxg7 Rg8 23. Bc3 hxg3 24. Bxa5 bxa5 25. d4 Ndf8 26. Qd2 Ne6 27. c3 Nh4 28.
Rh5 Qe7 29. a4 Ng6 30. Rf1 b6 31. e5 Qa3 32. d5 Nc5 33. d6 Ne6 34. Bc6+ Kf8 35.
dxc7 Qc5+ 36. Kg2 Ne7 37. Qd6 Kg7 38. Qxc5 bxc5 39. Rh4 Ng6 40. Rg4 Nxc7 {time}
1-0

[Event "Lloyds Bank Masters 18th"]
[Site "London"]
[Date "1994.08.22"]
[Round "3"]
[White "Marusenko, Petr"]
[Black "Mainka, Romuald"]
[Result "0-1"]
[WhiteElo "2235"]
[BlackElo "2485"]
[PlyCount "99"]
[EventDate "1994.08.20"]
[EventType "swiss"]
[EventRounds "10"]
[EventCountry "ENG"]
[SourceTitle "BritBase"]

1. e4 c5 2. Nf3 d6 3. d4 cxd4 4. Nxd4 Nf6 5. Nc3 e6 6. Be2 Be7 7. O-O Nc6 8.
Be3 Bd7 9. Nb3 a6 10. a4 Na5 11. f4 O-O 12. g4 Bc6 13. Bd3 Nxb3 14. cxb3 d5 15.
e5 d4 16. exf6 Bxf6 17. g5 Be7 18. Bxh7+ Kxh7 19. Qxd4 Qa5 20. Qe5 Qxe5 21.
fxe5 Rad8 22. Rad1 Kg6 23. h4 Rxd1 24. Rxd1 Rh8 25. Bf2 Bxg5 26. Rd4 Be7 27. b4
Rd8 28. Rg4+ Kh7 29. b5 axb5 30. axb5 Bd5 31. Rf4 Kg8 32. Ra4 Bf3 33. Be3 Rd7
34. Rc4 Kh7 35. Rf4 Bh5 36. Rc4 Bd8 37. b6 Bf3 38. Kf2 Bc6 39. b4 Kg6 40. Kg3
Kf5 41. b5 Bh1 42. Kh2 Bd5 43. Nxd5 exd5 44. Ra4 g6 45. Kg3 Kxe5 46. Bf4+ Kf5
47. Be3 Bf6 48. Bd2 Rd6 49. Rf4+ Ke6 50. Rf1 0-1

[Event "Lloyds Bank Masters 18th"]
[Site "London"]
[Date "1994.08.22"]
[Round "3"]
[White "Mayers, Dan E"]
[Black "Gunawan, Ronny"]
[Result "0-1"]
[WhiteElo "2165"]
[BlackElo "2420"]
[PlyCount "76"]
[EventDate "1994.08.20"]
[EventType "swiss"]
[EventRounds "10"]
[EventCountry "ENG"]
[SourceTitle "BritBase"]

1. e4 c5 2. c4 Nc6 3. Nc3 g6 4. g3 Bg7 5. Bg2 e6 6. f4 d6 7. b3 Nge7 8. Bb2 Nd4
9. Nf3 Nec6 10. Nxd4 Nxd4 11. Rb1 O-O 12. Ne2 e5 13. Nxd4 exd4 14. O-O Rb8 15.
a3 b5 16. d3 a5 17. Ba1 Bd7 18. Qd2 Re8 19. b4 axb4 20. axb4 bxc4 21. dxc4 Bc6
22. Rfe1 Qb6 23. b5 Bb7 24. Bb2 Re7 25. Re2 Rbe8 26. Rbe1 Qa7 27. Qd3 Qa5 28.
Ra1 Qb4 29. Ra3 d5 30. cxd5 Bxd5 31. e5 Bc4 32. Qd2 Bxe2 33. Qxe2 Bxe5 34. Bd5
Bxf4 35. Qc4 Re1+ 36. Kg2 Qxb2+ 37. Kh3 Qxa3 38. Bxf7+ Kg7 0-1

[Event "Lloyds Bank Masters 18th"]
[Site "London"]
[Date "1994.08.22"]
[Round "3"]
[White "Mendoza Contreras, Lucas Eduardo"]
[Black "Wells, Peter K"]
[Result "1/2-1/2"]
[WhiteElo "2285"]
[BlackElo "2490"]
[PlyCount "102"]
[EventDate "1994.08.20"]
[EventType "swiss"]
[EventRounds "10"]
[EventCountry "ENG"]
[SourceTitle "BritBase"]

1. d4 d5 2. Nf3 Nf6 3. c4 e6 4. cxd5 exd5 5. Nc3 c6 6. Bg5 Bf5 7. e3 Nbd7 8.
Bd3 Bxd3 9. Qxd3 Be7 10. O-O O-O 11. Rae1 Re8 12. Re2 Ne4 13. Bxe7 Qxe7 14. Nd2
f5 15. f3 Nxd2 16. Qxd2 Nf6 17. Rfe1 Qd6 18. Qd3 g6 19. e4 fxe4 20. fxe4 dxe4
21. Nxe4 Nxe4 22. Rxe4 Rxe4 23. Rxe4 Rf8 24. Qe3 Rf7 25. h3 Kg7 26. Re6 Qf4 27.
Qxf4 Rxf4 28. Re7+ Rf7 29. Rxf7+ Kxf7 30. Kf2 Ke6 31. Ke3 Kd5 32. Kd3 a5 33. b3
g5 34. Ke3 b6 35. Kd3 b5 36. Ke3 c5 37. dxc5 Kxc5 38. Kd3 Kb4 39. Kc2 Ka3 40.
Kb1 h5 41. Ka1 h4 42. Kb1 a4 43. bxa4 bxa4 44. Ka1 Kb4 45. Kb2 a3+ 46. Kc2 Kc4
47. Kd2 Kd4 48. Ke2 Kc3 49. Ke3 Kb2 50. Kd2 Kxa2 51. Kc2 Ka1 1/2-1/2

[Event "Lloyds Bank Masters 18th"]
[Site "London"]
[Date "1994.08.22"]
[Round "3"]
[White "Mestel, A Jonathan"]
[Black "Law, Andrew P"]
[Result "1-0"]
[WhiteElo "2520"]
[BlackElo "2375"]
[PlyCount "59"]
[EventDate "1994.08.20"]
[EventType "swiss"]
[EventRounds "10"]
[EventCountry "ENG"]
[SourceTitle "BritBase"]

1. c4 e5 2. Nc3 Nf6 3. g3 Bb4 4. Bg2 O-O 5. Nf3 Nc6 6. O-O e4 7. Ng5 Bxc3 8.
bxc3 Re8 9. f3 e3 10. d3 d5 11. cxd5 Nxd5 12. Qb3 Qxg5 13. f4 Qh5 14. Bxd5 Bh3
15. Bf3 Qg6 16. Qxb7 Bxf1 17. Kxf1 Ne7 18. Bxe3 c6 19. Bxa7 Qd6 20. a4 Rac8 21.
a5 Nd5 22. Bd4 Rb8 23. Be5 Qxe5 24. Qxc6 Qxc3 25. Qxc3 Nxc3 26. a6 Kf8 27. a7
Ra8 28. Ra5 Rec8 29. Bxa8 Rxa8 30. Ke1 1-0

[Event "Lloyds Bank Masters 18th"]
[Site "London"]
[Date "1994.08.22"]
[Round "3"]
[White "Modrova, Hana"]
[Black "Cobb, James"]
[Result "0-1"]
[WhiteElo "2015"]
[BlackElo "2240"]
[PlyCount "54"]
[EventDate "1994.08.20"]
[EventType "swiss"]
[EventRounds "10"]
[EventCountry "ENG"]
[SourceTitle "BritBase"]

1. d4 Nf6 2. Nf3 g6 3. Bf4 Bg7 4. h3 d6 5. e3 Nbd7 6. Nbd2 O-O 7. Bd3 b6 8. O-O
Bb7 9. Re1 c5 10. c3 Re8 11. Bh2 cxd4 12. exd4 Rc8 13. Qa4 a6 14. Qb3 e5 15.
Ng5 Re7 16. Nge4 Nxe4 17. Bxe4 Qc7 18. Bxb7 Qxb7 19. Ne4 Qc6 20. Qa3 exd4 21.
Nxd6 Bf8 22. Rxe7 Bxe7 23. Qxa6 Bxd6 24. Bxd6 Ra8 25. Qd3 Qxd6 26. cxd4 Ra4 27.
d5 Ra5 0-1

[Event "Lloyds Bank Masters 18th"]
[Site "London"]
[Date "1994.08.22"]
[Round "3"]
[White "Norwood, David"]
[Black "Das, Dipanjan"]
[Result "1-0"]
[WhiteElo "2545"]
[BlackElo "2065"]
[PlyCount "73"]
[EventDate "1994.08.20"]
[EventType "swiss"]
[EventRounds "10"]
[EventCountry "ENG"]
[SourceTitle "BritBase"]

1. g3 Nf6 2. Bg2 d5 3. f4 c5 4. Nf3 g6 5. O-O Bg7 6. d3 O-O 7. Qe1 d4 8. Na3
Nbd7 9. c3 Nd5 10. Bd2 Nb8 11. Nc2 Nc6 12. cxd4 cxd4 13. b4 Nc7 14. a4 a6 15.
Rb1 b5 16. axb5 axb5 17. Ne5 Nxe5 18. Bxa8 Nxa8 19. fxe5 Bxe5 20. Bh6 Bg7 21.
Bxg7 Kxg7 22. e4 dxe3 23. Qxe3 Kg8 24. Rbc1 e6 25. Nd4 Bb7 26. Qe5 Qb6 27. Rc5
Rd8 28. h4 Rd7 29. Qb8+ Kg7 30. Nxb5 Rxd3 31. Qe8 f5 32. Qe7+ Kg8 33. Re1 Bd5
34. Nd6 e5 35. Qe8+ Kg7 36. Qxe5+ Kg8 37. Ne8 1-0

[Event "Lloyds Bank Masters 18th"]
[Site "London"]
[Date "1994.08.22"]
[Round "3"]
[White "O'Siochru, Mairead Maura"]
[Black "Kwiatkowski, Feliks Jerzy"]
[Result "0-1"]
[WhiteElo "2060"]
[BlackElo "2260"]
[PlyCount "60"]
[EventDate "1994.08.20"]
[EventType "swiss"]
[EventRounds "10"]
[EventCountry "ENG"]
[SourceTitle "BritBase"]

1. c4 c5 2. Nc3 Nf6 3. g3 g6 4. Bg2 Bg7 5. e4 Nc6 6. Nge2 O-O 7. O-O d6 8. d3
Rb8 9. Rb1 Bd7 10. a3 a5 11. Nb5 Ne8 12. Be3 Nc7 13. Nxc7 Qxc7 14. Nc3 Qc8 15.
Nd5 b5 16. b4 axb4 17. axb4 cxb4 18. Nb6 Rxb6 19. Bxb6 bxc4 20. dxc4 Qa6 21. c5
Be6 22. e5 dxc5 23. Bxc5 Bxe5 24. Bxc6 Qxc6 25. Bxe7 Re8 26. Bxb4 Bh3 27. f3
Bxf1 28. Qxf1 Bd4+ 29. Kh1 Re3 30. Qg2 Rb3 0-1

[Event "Lloyds Bank Masters 18th"]
[Site "London"]
[Date "1994.08.22"]
[Round "3"]
[White "Parker, Robert"]
[Black "Levitt, Jonathan"]
[Result "0-1"]
[WhiteElo "2075"]
[BlackElo "2425"]
[PlyCount "64"]
[EventDate "1994.08.20"]
[EventType "swiss"]
[EventRounds "10"]
[EventCountry "ENG"]
[SourceTitle "BritBase"]

1. d4 c5 2. d5 f5 3. g3 Nf6 4. Nc3 e5 5. e4 fxe4 6. Bg5 d6 7. Bxf6 Qxf6 8. Nxe4
Qg6 9. Bg2 Be7 10. Ne2 O-O 11. O-O Bf5 12. N2c3 Nd7 13. Qe2 a6 14. a4 b6 15.
Rae1 Kh8 16. f3 h6 17. Kh1 Qe8 18. Nd1 Nf6 19. Ne3 Bxe4 20. fxe4 Qxa4 21. Nf5
Qe8 22. Bh3 Kh7 23. Nh4 g6 24. Be6 b5 25. Rf2 a5 26. Ref1 a4 27. Qe3 b4 28. c3
bxc3 29. bxc3 a3 30. Qe2 Kg7 31. Qc2 Qa4 32. Qe2 a2 0-1

[Event "Lloyds Bank Masters 18th"]
[Site "London"]
[Date "1994.08.22"]
[Round "3"]
[White "Petursson, Margeir"]
[Black "McNab, Colin Anderson"]
[Result "1-0"]
[WhiteElo "2540"]
[BlackElo "2465"]
[PlyCount "185"]
[EventDate "1994.08.20"]
[EventType "swiss"]
[EventRounds "10"]
[EventCountry "ENG"]
[SourceTitle "BritBase"]

1. d4 d6 2. e4 g6 3. Nc3 c6 4. Nf3 Bg7 5. a4 Nf6 6. Be2 O-O 7. O-O Nbd7 8. a5
Qc7 9. h3 Rb8 10. Be3 b5 11. axb6 axb6 12. d5 Nc5 13. Nd2 b5 14. dxc6 Qxc6 15.
Bf3 e5 16. Ra7 Be6 17. Nb3 Nxb3 18. cxb3 Ra8 19. Rxa8 Rxa8 20. Nd5 Qb7 21.
Nxf6+ Bxf6 22. Qxd6 Rd8 23. Qb4 Rd3 24. Ra1 Rxb3 25. Qd2 Bc4 26. Qd6 Qe7 27.
Ra8+ Kg7 28. Qb8 Rxe3 29. fxe3 Bg5 30. Kh1 Bxe3 31. Qh8+ Kh6 32. Rg8 f6 33. Re8
Qb4 34. Qf8+ Qxf8 35. Rxf8 Bd4 36. Rxf6 Bxb2 37. Bd1 Bd4 38. Rf8 b4 39. Rb8 Bc3
40. Bc2 Kg5 41. g3 h5 42. h4+ Kf6 43. Rb6+ Kg7 44. Kg2 Bf7 45. Kf3 Kf8 46. Rb7
Be6 47. Ba4 Bg4+ 48. Kf2 Bd4+ 49. Kg2 Bc3 50. Bb3 Be1 51. Rf7+ Ke8 52. Rg7 Kf8
53. Rxg6 Ke7 54. Rb6 Bc3 55. Rb5 Kf6 56. Kf2 Bd4+ 57. Kf1 Bh3+ 58. Ke2 Bg4+ 59.
Ke1 Bc3+ 60. Kf2 Bd4+ 61. Kg2 Bc3 62. Rb7 Bd2 63. Rf7+ Kg6 64. Rf8 Bc3 65. Rd8
Bd4 66. Bc4 Kg7 67. Rg8+ Kf6 68. Kf1 Bh3+ 69. Ke2 Bc3 70. Ke3 Bd4+ 71. Kd2 Bc3+
72. Kd1 Bg2 73. Bd5 Bf3+ 74. Kc2 Ke7 75. Rg7+ Kd6 76. Rf7 Bg4 77. Rh7 Be1 78.
Bf7 Bf3 79. Kd3 b3 80. Bxb3 Bxg3 81. Bf7 Bxh4 82. Bxh5 Bxh5 83. Rxh5 Bf2 84.
Kc4 Be3 85. Rf5 Ke6 86. Kb5 Bc1 87. Kc6 Bb2 88. Rf8 Bc3 89. Re8+ Kf7 90. Kd7
Bd4 91. Rh8 Bc3 92. Rh5 Bd4 93. Rf5+ 1-0

[Event "Lloyds Bank Masters 18th"]
[Site "London"]
[Date "1994.08.22"]
[Round "3"]
[White "Piper, Matthew"]
[Black "Gunter, David WW"]
[Result "1-0"]
[WhiteElo "2255"]
[BlackElo "2130"]
[PlyCount "83"]
[EventDate "1994.08.20"]
[EventType "swiss"]
[EventRounds "10"]
[EventCountry "ENG"]
[SourceTitle "BritBase"]

1. e4 e6 2. d4 d5 3. Nd2 c5 4. exd5 Qxd5 5. Ngf3 cxd4 6. Bc4 Qd6 7. O-O Nf6 8.
Nb3 Nc6 9. Nbxd4 Nxd4 10. Nxd4 Bd7 11. c3 Qc7 12. Qe2 O-O-O 13. a4 Bd6 14. h3
h5 15. Nb5 Bxb5 16. axb5 Bc5 17. Ra4 Kb8 18. Be3 Rd7 19. Rfa1 Rhd8 20. Bxc5
Qxc5 21. b4 Qg5 22. Rxa7 Rd1+ 23. Rxd1 Rxd1+ 24. Qxd1 Kxa7 25. Qd6 Nd5 26. Bxd5
Qxd5 27. Qc5+ b6 28. Qc7+ Qb7 29. Qe5 g6 30. c4 Qd7 31. g3 Qd1+ 32. Kg2 Qd7 33.
h4 Kb7 34. Qe4+ Kc7 35. Qa8 Qd4 36. Qc6+ Kd8 37. c5 Qxb4 38. Qxb6+ Ke7 39. Qc6
g5 40. hxg5 h4 41. b6 hxg3 42. b7 1-0

[Event "Lloyds Bank Masters 18th"]
[Site "London"]
[Date "1994.08.22"]
[Round "3"]
[White "Pritchett, Craig William"]
[Black "Bala, Avijit"]
[Result "1-0"]
[WhiteElo "2360"]
[BlackElo "2035"]
[PlyCount "89"]
[EventDate "1994.08.20"]
[EventType "swiss"]
[EventRounds "10"]
[EventCountry "ENG"]
[SourceTitle "BritBase"]

1. Nf3 d5 2. d4 Bf5 3. c4 dxc4 4. Nc3 Nf6 5. e3 Bd3 6. Bxd3 cxd3 7. Qxd3 e6 8.
Qb5+ Nc6 9. Qxb7 Nb4 10. Qb5+ Qd7 11. Qxd7+ Nxd7 12. Ke2 c5 13. Bd2 Rb8 14.
Rab1 Nb6 15. dxc5 Bxc5 16. Ne4 Be7 17. Ne5 f5 18. Bxb4 Bxb4 19. Ng5 Na4 20. Nc6
Rb6 21. Nxb4 Rxb4 22. Nxe6 Kf7 23. Nd4 Rhb8 24. Nb3 R8b5 25. Rhc1 a5 26. Rc7+
Kf6 27. Rbc1 Rb6 28. R1c6+ Rxc6 29. Rxc6+ Kf7 30. Ra6 Nxb2 31. Rxa5 Kf6 32. Nd4
g6 33. Rb5 Rxb5 34. Nxb5 Ke5 35. Nc3 g5 36. a4 h6 37. a5 Kd6 38. Nb5+ Kc5 39.
a6 Nc4 40. a7 Nb6 41. Nc7 Kc6 42. a8=Q+ Nxa8 43. Nxa8 Kb7 44. Kd3 Kxa8 45. Kd4
1-0

[Event "Lloyds Bank Masters 18th"]
[Site "London"]
[Date "1994.08.22"]
[Round "3"]
[White "Psakhis, Lev"]
[Black "Wilson, Jonathan"]
[Result "1-0"]
[WhiteElo "2605"]
[BlackElo "2190"]
[PlyCount "61"]
[EventDate "1994.08.20"]
[EventType "swiss"]
[EventRounds "10"]
[EventCountry "ENG"]
[SourceTitle "BritBase"]

1. c4 f5 2. Nc3 Nf6 3. g3 d6 4. Bg2 g6 5. d3 Bg7 6. e4 Nc6 7. Nge2 e5 8. O-O
O-O 9. Nd5 Ne7 10. Nxf6+ Bxf6 11. Bh6 Re8 12. Qd2 c6 13. Nc3 Be6 14. Rfe1 d5
15. exd5 cxd5 16. Bg5 Bxg5 17. Qxg5 dxc4 18. Bxb7 Rb8 19. Rxe5 Rxb7 20. Rxe6
cxd3 21. Qf6 Rb6 22. Rd1 Nc8 23. Rxe8+ Qxe8 24. Qd4 Rxb2 25. Qxd3 Nb6 26. a4
Qe7 27. a5 Qc5 28. Qf3 Nc4 29. Na4 Qb4 30. Nxb2 Nxb2 31. Qa8+ 1-0

[Event "Lloyds Bank Masters 18th"]
[Site "London"]
[Date "1994.08.22"]
[Round "3"]
[White "Quinn, Mark"]
[Black "Kumaran, Dharshan"]
[Result "1/2-1/2"]
[WhiteElo "2305"]
[BlackElo "2495"]
[PlyCount "33"]
[EventDate "1994.08.20"]
[EventType "swiss"]
[EventRounds "10"]
[EventCountry "ENG"]
[SourceTitle "BritBase"]

1. c4 e5 2. g3 Nf6 3. Bg2 c6 4. d4 exd4 5. Qxd4 d5 6. Nf3 dxc4 7. Qxd8+ Kxd8 8.
Nbd2 Bb4 9. O-O Ke7 10. Nxc4 Be6 11. Nce5 Bd6 12. b3 Na6 13. Bb2 h6 14. Rac1
Rhd8 15. Nc4 Bc5 16. Na5 Rab8 17. Rfd1 1/2-1/2

[Event "Lloyds Bank Masters 18th"]
[Site "London"]
[Date "1994.08.22"]
[Round "3"]
[White "Rahal, Michael A"]
[Black "Trifunovic, Aleksandar"]
[Result "0-1"]
[WhiteElo "2335"]
[BlackElo "2225"]
[PlyCount "78"]
[EventDate "1994.08.20"]
[EventType "swiss"]
[EventRounds "10"]
[EventCountry "ENG"]
[SourceTitle "BritBase"]

1. e4 Nf6 2. Nc3 d5 3. e5 Ne4 4. Nce2 f6 5. d3 Ng5 6. Ng3 g6 7. Be2 Nf7 8. exf6
exf6 9. Nf3 Bg7 10. O-O O-O 11. d4 Nc6 12. c3 Ne7 13. Qb3 Nd6 14. Bf4 Be6 15.
Rfe1 Bf7 16. Bd3 b6 17. h4 Re8 18. Qc2 c5 19. dxc5 bxc5 20. h5 c4 21. Be2 Nef5
22. Nxf5 Nxf5 23. hxg6 hxg6 24. Rad1 Re4 25. Bh2 Qb6 26. b3 Rae8 27. Bf1 cxb3
28. axb3 Nh4 29. Rxe4 Nxf3+ 30. gxf3 dxe4 31. Bc4 Bxc4 32. bxc4 e3 33. Bg3 e2
34. Re1 Qe6 35. Qxg6 f5 36. Qg5 Qh6 37. Qxf5 Bxc3 38. Qd5+ Kh8 39. Kg2 Bxe1 0-1